[Event "4NCL Division 2a"]
[Site "Daventry, ENG"]
[Date "2018.11.11"]
[Round "2.16"]
[White "Jackson, Sheila"]
[Black "Newton, Robert A"]
[Result "1/2-1/2"]
[WhiteElo "2056"]
[BlackElo "2042"]
[PlyCount "65"]
[EventDate "2018.11.11"]
[WhiteTeam "Spirit of Atticus A"]
[BlackTeam "Manchester Manticores 1"]

1. Nf3 c5 2. e4 d6 3. c3 Nf6 4. Be2 Nc6 5. d3 g6 6. h3 Bg7 7. Be3 Bd7 8. Nbd2
Rc8 9. a3 O-O 10. O-O Qc7 11. d4 cxd4 12. cxd4 Qb8 13. d5 Nd8 14. Nd4 e5 15.
Nb5 b6 16. Rc1 Nb7 17. b4 Rxc1 18. Qxc1 Rc8 19. Qb2 a6 20. Nc3 b5 21. Rc1 Rf8
22. Nd1 h6 23. a4 Nd8 24. a5 Ne8 25. Bb6 f5 26. f3 Nf7 27. Qc3 Nf6 28. Qc7 h5
29. Qxb8 Rxb8 30. Be3 Ne8 31. Bd3 Bf6 32. Kf1 f4 33. Bb6 1/2-1/2

[Event "4NCL Division 2a"]
[Site "Daventry, ENG"]
[Date "2018.11.11"]
[Round "2.17"]
[White "Kay, Lee P"]
[Black "Ackley, Peter J E"]
[Result "1/2-1/2"]
[WhiteElo "2027"]
[BlackElo "2026"]
[PlyCount "38"]
[EventDate "2018.11.11"]
[WhiteTeam "Manchester Manticores 1"]
[BlackTeam "Spirit of Atticus A"]

1. f4 d5 2. Nf3 Nf6 3. g3 c6 4. Bg2 Qb6 5. d3 Ng4 6. d4 h5 7. Nc3 Nf6 8. O-O
Bf5 9. b3 Nbd7 10. e3 e6 11. Qe2 Bb4 12. Bb2 Bxc3 13. Bxc3 Ne4 14. Bb2 a5 15.
a4 f6 16. Nd2 Nxd2 17. Qxd2 h4 18. Bc3 Kf7 19. Rae1 hxg3 1/2-1/2

[Event "4NCL Division 2a"]
[Site "Daventry, ENG"]
[Date "2018.11.11"]
[Round "2.18"]
[White "Latham, David"]
[Black "Whitehead, Mark A"]
[Result "1/2-1/2"]
[WhiteElo "2066"]
[BlackElo "1960"]
[PlyCount "62"]
[EventDate "2018.11.11"]
[WhiteTeam "Spirit of Atticus A"]
[BlackTeam "Manchester Manticores 1"]

1. d4 Nf6 2. c4 e6 3. g3 Bb4+ 4. Bd2 Qe7 5. Bg2 Nc6 6. a3 Bxd2+ 7. Qxd2 a5 8.
d5 Ne5 9. Qd4 d6 10. Nf3 Nxf3+ 11. Bxf3 e5 12. Qc3 O-O 13. e4 Ne8 14. O-O f5
15. Nd2 b6 16. b4 Nf6 17. Rac1 fxe4 18. Nxe4 Nxe4 19. Bxe4 Bf5 20. Bg2 axb4 21.
axb4 Rf7 22. Qe3 Raf8 23. c5 bxc5 24. bxc5 Bc8 25. cxd6 cxd6 26. Rc2 Qf6 27.
Rfc1 Bf5 28. Rc7 Rxc7 29. Rxc7 Rc8 30. Rxc8+ Bxc8 31. Qc3 Qd8 1/2-1/2

[Event "4NCL Division 2a"]
[Site "Daventry, ENG"]
[Date "2018.11.11"]
[Round "2.21"]
[White "Swindells, Jonathan E"]
[Black "Lewis, Andrew P"]
[Result "1/2-1/2"]
[WhiteElo "2282"]
[BlackElo "2297"]
[PlyCount "24"]
[EventDate "2018.11.11"]
[WhiteTeam "The ADs"]
[BlackTeam "Anglian Avengers"]

1. e4 c5 2. Nc3 e6 3. Nf3 Nc6 4. Bb5 Nge7 5. O-O a6 6. Bxc6 Nxc6 7. d4 cxd4 8.
Nxd4 Qc7 9. Be3 b5 10. Re1 Be7 11. Nf5 O-O 12. Nxe7+ Nxe7 1/2-1/2

[Event "4NCL Division 2a"]
[Site "Daventry, ENG"]
[Date "2018.11.11"]
[Round "2.22"]
[White "Player, Edmund C"]
[Black "Baker, Chris W"]
[Result "1/2-1/2"]
[WhiteElo "2245"]
[BlackElo "2285"]
[PlyCount "102"]
[EventDate "2018.11.11"]
[WhiteTeam "Anglian Avengers"]
[BlackTeam "The ADs"]

1. e4 e5 2. Nf3 Nc6 3. Bb5 a6 4. Ba4 Nf6 5. O-O Be7 6. d3 b5 7. Bb3 O-O 8. Nc3
d6 9. a3 Na5 10. Ba2 c5 11. Nd5 Nxd5 12. Bxd5 Bb7 13. Bxb7 Nxb7 14. c3 Qc7 15.
b4 Rfd8 16. Qb3 d5 17. exd5 c4 18. dxc4 bxc4 19. Qd1 e4 20. Nd4 Rxd5 21. f3 Bd6
22. h3 Re8 23. fxe4 Rxe4 24. Qf3 Qe7 25. Bd2 Nd8 26. Nf5 Qe6 27. Nxd6 Rxd6 28.
Rae1 Rxe1 29. Rxe1 Qd7 30. Bf4 Rd3 31. Qe4 Ne6 32. Qxc4 h5 33. Be3 h4 34. Qxa6
Rxc3 35. a4 Qd5 36. Qe2 Qb3 37. b5 Qxa4 38. b6 Qb3 39. Bf2 Rc2 40. Qe4 Rxf2 41.
Kxf2 Qxb6+ 42. Kf1 g5 43. Qe5 Qb4 44. Ra1 Qf4+ 45. Qxf4 Nxf4 46. Kf2 Kg7 47.
Kf3 Kg6 48. Ra4 Kf5 49. Ra5+ Kg6 50. Ra8 Kf5 51. Rh8 f6 1/2-1/2

[Event "4NCL Division 2a"]
[Site "Daventry, ENG"]
[Date "2018.11.11"]
[Round "2.23"]
[White "Duggan, John E"]
[Black "Moore, Graham J"]
[Result "1-0"]
[WhiteElo "2192"]
[BlackElo "2240"]
[PlyCount "87"]
[EventDate "2018.11.11"]
[WhiteTeam "The ADs"]
[BlackTeam "Anglian Avengers"]

1. d4 d5 2. Nf3 Nf6 3. g3 e6 4. Bg2 b5 5. a4 b4 6. c4 bxc3 7. Nxc3 Be7 8. O-O
O-O 9. Ne5 Bb7 10. b3 Na6 11. Ba3 Bxa3 12. Rxa3 Qe7 13. Ra1 Rfc8 14. Rc1 c5 15.
dxc5 Nxc5 16. b4 Ncd7 17. Nxd7 Nxd7 18. Qb3 Rc4 19. Na2 Rac8 20. Rxc4 Rxc4 21.
Rc1 Ne5 22. Qe3 Rxc1+ 23. Nxc1 Qxb4 24. Qxe5 Qe1+ 25. Bf1 Qxc1 26. Qb8+ Qc8 27.
Qxa7 Qa8 28. Qb6 Ba6 29. e3 Bxf1 30. Kxf1 g5 31. a5 Qc8 32. a6 Qc4+ 33. Kg1 g4
34. a7 Qa4 35. Qd4 Qa5 36. Qxg4+ Kf8 37. Qd4 Ke7 38. Kg2 h6 39. h4 h5 40. g4
hxg4 41. h5 f6 42. Qxg4 d4 43. Qg7+ Kd6 44. Qf8+ 1-0

[Event "4NCL Division 2a"]
[Site "Daventry, ENG"]
[Date "2018.11.11"]
[Round "2.24"]
[White "Gallagher, Daniel GH"]
[Black "Ahluwalia, Amardip"]
[Result "1-0"]
[WhiteElo "2267"]
[BlackElo "2132"]
[PlyCount "121"]
[EventDate "2018.11.11"]
[WhiteTeam "Anglian Avengers"]
[BlackTeam "The ADs"]

1. Nf3 Nf6 2. c4 c5 3. Nc3 d5 4. cxd5 Nxd5 5. g3 g6 6. Bg2 Bg7 7. O-O O-O 8. d4
Nc6 9. Nxd5 Qxd5 10. Be3 Qd8 11. dxc5 Bxb2 12. Rb1 Bg7 13. Qa4 Qc7 14. Qh4 h5
15. h3 Ne5 16. Ng5 Nd7 17. Rfc1 Rb8 18. Ne4 Nf6 19. Bf4 e5 20. Nxf6+ Bxf6 21.
Qxf6 exf4 22. Qxf4 Qxf4 23. gxf4 Be6 24. a3 b5 25. cxb6 Rxb6 26. Rxb6 axb6 27.
h4 b5 28. Rb1 Bc4 29. e3 Rd8 30. Bf1 Ra8 31. Bxc4 bxc4 32. Rc1 Rxa3 33. Rxc4
Ra5 34. Kg2 Kg7 35. Kf3 Rb5 36. Rc6 Ra5 37. Kg3 Rb5 38. Rc3 Ra5 39. e4 Rb5 40.
Rf3 Kf6 41. Rc3 Kg7 42. e5 Ra5 43. Re3 Rb5 44. f5 Rb4 45. f6+ Kf8 46. f3 Ke8
47. Rd3 Ra4 48. f4 Rb4 49. Kf3 Ra4 50. Ke3 Rb4 51. Rd4 Rb3+ 52. Ke4 Rh3 53. Ra4
Rxh4 54. Ra8+ Kd7 55. Rf8 g5 56. Rxf7+ Ke8 57. Re7+ Kf8 58. e6 Rxf4+ 59. Ke5
Rf1 60. Ra7 Re1+ 61. Kf5 1-0

[Event "4NCL Division 2a"]
[Site "Daventry, ENG"]
[Date "2018.11.11"]
[Round "2.25"]
[White "Hylands, Liam M"]
[Black "Talsma, Paul"]
[Result "0-1"]
[WhiteElo "2087"]
[BlackElo "2171"]
[PlyCount "60"]
[EventDate "2018.11.11"]
[WhiteTeam "The ADs"]
[BlackTeam "Anglian Avengers"]

1. e4 e5 2. Nf3 Nc6 3. d4 exd4 4. Nxd4 Nf6 5. Nxc6 bxc6 6. e5 Qe7 7. Qe2 Nd5 8.
c4 Nb6 9. Nc3 a5 10. Qe4 g6 11. Bd3 Bg7 12. f4 O-O 13. O-O Ba6 14. Kh1 Qb4 15.
f5 Rfe8 16. f6 Bf8 17. a3 Qb3 18. Bf4 Bxc4 19. Rad1 d5 20. Qe2 Rab8 21. Rf3
Bxd3 22. Rfxd3 Qc4 23. Qd2 Nd7 24. Rd4 Qc5 25. Bh6 Rxe5 26. Bxf8 Qxf8 27. Rf1
Re6 28. Rdf4 Qd6 29. Qf2 Rbe8 30. Qh4 Rxf6 0-1

[Event "4NCL Division 2a"]
[Site "Daventry, ENG"]
[Date "2018.11.11"]
[Round "2.26"]
[White "Peck, Silas"]
[Black "Bellin, Jana M"]
[Result "1/2-1/2"]
[WhiteElo "2087"]
[BlackElo "2042"]
[PlyCount "134"]
[EventDate "2018.11.11"]
[WhiteTeam "Anglian Avengers"]
[BlackTeam "The ADs"]

1. e4 c5 2. Nf3 e6 3. d4 cxd4 4. Nxd4 a6 5. Bd3 Qc7 6. O-O Bc5 7. Nb3 Be7 8. f4
d6 9. Be3 Nf6 10. Kh1 O-O 11. N1d2 Nc6 12. c4 Nb4 13. Be2 b6 14. a3 Nc6 15. Qe1
Bb7 16. Qf2 Nd7 17. Bd3 Bf6 18. Rab1 Rab8 19. Qg3 e5 20. f5 Ba8 21. Nf3 b5 22.
cxb5 axb5 23. Rbc1 Qd8 24. Rfd1 Na5 25. Nxa5 Qxa5 26. Bb1 Qa6 27. Rc7 Rb7 28.
Rc3 b4 29. Rcd3 bxa3 30. Rxd6 Qe2 31. Bh6 Kh8 32. R6d2 Qb5 33. Bxg7+ Bxg7 34.
bxa3 Ra7 35. Qe1 Nf6 36. Qe3 Rc7 37. Bd3 Qc5 38. Qe2 Bh6 39. Rc2 Qd6 40. Bc4
Qe7 41. Bd3 Rxc2 42. Bxc2 Qc5 43. h3 Rc8 44. Qa6 Kg7 45. Bb1 Bxe4 46. Nxe5 Bxb1
47. Rxb1 Qc1+ 48. Rxc1 Rxc1+ 49. Kh2 Bf4+ 50. g3 Rc2+ 51. Kg1 Bxe5 52. g4 Ne4
53. Qd3 Rc1+ 54. Kg2 Ng5 55. h4 Rc3 56. Qe2 Nf3 57. Qxf3 Rxf3 58. Kxf3 Bd6 59.
a4 Kf6 60. Ke4 h6 61. a5 Bg3 62. a6 Bf2 63. Kf3 Ba7 64. Kf4 Bb8+ 65. Ke4 Ba7
66. Kf4 Bb8+ 67. Ke4 Bc7 1/2-1/2

[Event "4NCL Division 2a"]
[Site "Daventry, ENG"]
[Date "2018.11.11"]
[Round "2.27"]
[White "Stockwell, Mark B"]
[Black "Cocks, Elliot"]
[Result "1/2-1/2"]
[WhiteElo "1990"]
[BlackElo "2042"]
[PlyCount "59"]
[EventDate "2018.11.11"]
[WhiteTeam "The ADs"]
[BlackTeam "Anglian Avengers"]

1. Nf3 c5 2. c4 e6 3. g3 Nf6 4. Bg2 Nc6 5. O-O Be7 6. b3 O-O 7. Bb2 d5 8. e3 b6
9. Nc3 Bb7 10. Qe2 Qd7 11. Rfd1 d4 12. exd4 cxd4 13. Nb5 Bc5 14. Ne5 Nxe5 15.
Qxe5 Bxg2 16. Kxg2 Rfd8 17. b4 Bxb4 18. Nxd4 Bc5 19. Nf3 Qd3 20. Qf4 Qe2 21.
Ne5 Qe4+ 22. Qxe4 Nxe4 23. d4 Bf8 24. Nc6 Rd7 25. a4 Rc8 26. d5 Nf6 27. Ne5
Rdd8 28. Nc6 Rd7 29. Ne5 Rdd8 30. Nc6 1/2-1/2

[Event "4NCL Division 2a"]
[Site "Daventry, ENG"]
[Date "2018.11.11"]
[Round "2.28"]
[White "Sheerin, Alex"]
[Black "Walsh, Marcus"]
[Result "1/2-1/2"]
[WhiteElo "2027"]
[BlackElo "1990"]
[PlyCount "92"]
[EventDate "2018.11.11"]
[WhiteTeam "Anglian Avengers"]
[BlackTeam "The ADs"]

1. d4 Nf6 2. Bf4 d5 3. e3 g6 4. Nc3 c6 5. Bd3 Bg7 6. h4 h5 7. Nf3 Bg4 8. Qd2
Nbd7 9. Ne5 Be6 10. f3 Nb6 11. Qe2 Qc8 12. O-O-O Bf5 13. Rdg1 Bxd3 14. Qxd3 Qe6
15. Ne2 Nfd7 16. Nxd7 Qxd7 17. g4 Bf6 18. gxh5 gxh5 19. Qh7 Qe6 20. Rg8+ Kd7
21. Rxh8 Rxh8 22. Qd3 Rg8 23. Qa3 Nc8 24. Qa5 Ke8 25. Ng3 Rxg3 26. Bxg3 Qxe3+
27. Qd2 Qxd2+ 28. Kxd2 Bxd4 29. c3 Bf6 30. Bf2 a6 31. Bd4 Bxd4 32. cxd4 f6 33.
Rg1 Kf7 34. Kc3 Nd6 35. f4 Nf5 36. Rh1 Nd6 37. Kb4 b6 38. Rc1 a5+ 39. Ka4 Nc4
40. Kb3 Ke6 41. Re1+ Kf7 42. Kc3 Nd6 43. Kd3 Ne4 44. Re3 Ke6 45. Ke2 Kf5 46.
Kf3 Nd2+ 1/2-1/2

[Event "4NCL Division 2a"]
[Site "Daventry, ENG"]
[Date "2018.11.11"]
[Round "2.31"]
[White "Brozel, Sacha"]
[Black "Hand, Freddie"]
[Result "1-0"]
[WhiteElo "2267"]
[BlackElo "2162"]
[PlyCount "55"]
[EventDate "2018.11.11"]
[WhiteTeam "Barnet Knights 1"]
[BlackTeam "KJCA Kings"]

1. Nf3 d5 2. g3 Nf6 3. Bg2 c6 4. c4 e6 5. O-O Be7 6. d4 O-O 7. Qc2 b6 8. Nbd2
Bb7 9. e4 dxe4 10. Nxe4 Nxe4 11. Qxe4 Nd7 12. Rd1 Nf6 13. Qc2 Qc8 14. c5 bxc5
15. dxc5 Nd5 16. b3 Qc7 17. Bb2 Bf6 18. Bxf6 Nxf6 19. Rd4 Rfd8 20. Rad1 Rd5 21.
Qc3 Ne4 22. Qe3 f5 23. Ng5 Rxd4 24. Rxd4 Nxg5 25. Qxg5 Qe5 26. Rd8+ Kf7 27.
Rd7+ Kg8 28. Rxb7 1-0

[Event "4NCL Division 2a"]
[Site "Daventry, ENG"]
[Date "2018.11.11"]
[Round "2.32"]
[White "Bansal, Rohan"]
[Black "Rocco, Federico"]
[Result "0-1"]
[WhiteElo "2021"]
[BlackElo "2215"]
[PlyCount "116"]
[EventDate "2018.11.11"]
[WhiteTeam "KJCA Kings"]
[BlackTeam "Barnet Knights 1"]

1. d4 Nf6 2. c4 e6 3. Nf3 d5 4. Nc3 c6 5. e3 Nbd7 6. Bd3 dxc4 7. Bxc4 b5 8. Bd3
a6 9. O-O c5 10. Ne4 Bb7 11. Nxc5 Bxc5 12. dxc5 Nxc5 13. Be2 Qb6 14. b3 Rd8 15.
Qe1 O-O 16. Bb2 Nd3 17. Bxd3 Rxd3 18. Bd4 Qd6 19. Ne5 Be4 20. Qe2 Rxd4 21. exd4
Qxd4 22. Nf3 Qd5 23. Rfd1 Qb7 24. Ne1 Bc6 25. f3 Nd5 26. Rac1 b4 27. Qf2 Bb5
28. Rd4 a5 29. Rcd1 Nc3 30. R1d2 Qb6 31. Nc2 h6 32. g3 Nxa2 33. Rd8 Qxd8 34.
Rxd8 Rxd8 35. Nd4 Be8 36. Qxa2 Rxd4 37. Qxa5 f6 38. Qc5 e5 39. Qc8 Kf7 40. Qc7+
Bd7 41. Kf2 g5 42. Ke3 Kg6 43. g4 Be6 44. Qc2+ Kg7 45. Qc7+ Bf7 46. Qc2 h5 47.
h3 h4 48. Kf2 Rd7 49. Qc5 Rd2+ 50. Kg1 Rd3 51. Qxb4 Rxf3 52. Kg2 Rg3+ 53. Kh2
Rxb3 54. Qe7 Rb2+ 55. Kg1 Kg6 56. Qd7 Rb4 57. Qf5+ Kg7 58. Kf2 Rf4+ 0-1

[Event "4NCL Division 2a"]
[Site "Daventry, ENG"]
[Date "2018.11.11"]
[Round "2.33"]
[White "Villiers, Thomas"]
[Black "Golding, James"]
[Result "0-1"]
[WhiteElo "2245"]
[BlackElo "2042"]
[PlyCount "92"]
[EventDate "2018.11.11"]
[WhiteTeam "Barnet Knights 1"]
[BlackTeam "KJCA Kings"]

1. d4 d5 2. Nc3 Nf6 3. Bg5 Nbd7 4. Nf3 c6 5. Qd3 Qa5 6. Bd2 Qc7 7. e4 dxe4 8.
Nxe4 Nxe4 9. Qxe4 Nf6 10. Qe5 Qxe5+ 11. Nxe5 Bf5 12. Bc4 e6 13. O-O-O Bd6 14.
f3 h5 15. Bb3 Nd5 16. a3 f6 17. Nc4 Bc7 18. Ne3 Bg6 19. g3 O-O-O 20. Ng2 Bf7
21. Rhe1 g5 22. c4 Nb6 23. Bc3 Rh6 24. Ne3 f5 25. Ba5 f4 26. c5 fxe3 27. cxb6
axb6 28. Bc3 h4 29. Rg1 hxg3 30. hxg3 Rh3 31. Be1 b5 32. Rd3 c5 33. Rxe3 c4 34.
Bc2 Rxd4 35. Bc3 Rd7 36. Be5 Bb6 37. Ree1 Bxg1 38. Rxg1 Bg8 39. Bf6 Rf7 40.
Bxg5 Rxf3 41. Bf4 Rh2 42. Be5 Rff2 43. Bg6 Bh7 44. Bxh7 Rxh7 45. g4 Rhf7 46.
Rg3 Re2 0-1

[Event "4NCL Division 2a"]
[Site "Daventry, ENG"]
[Date "2018.11.11"]
[Round "2.34"]
[White "Young, Daniel J"]
[Black "Smith, Andrew Philip"]
[Result "1-0"]
[WhiteElo "2019"]
[BlackElo "2170"]
[PlyCount "72"]
[EventDate "2018.11.11"]
[WhiteTeam "KJCA Kings"]
[BlackTeam "Barnet Knights 1"]

1. e4 e5 2. Nf3 d6 3. d4 Qe7 4. Nc3 c6 5. Bc4 h6 6. a4 Qf6 7. Be3 Be7 8. a5 a6
9. Qe2 Bd8 10. Bb3 Ne7 11. Qc4 Nd7 12. Ne2 O-O 13. Ng3 Ng6 14. c3 Nf4 15. O-O
g6 16. Bc2 Re8 17. Rfe1 Nf8 18. Qb4 Nh7 19. c4 g5 20. Nf5 Bxf5 21. exf5 Rb8 22.
dxe5 dxe5 23. Ba7 Rc8 24. Qxb7 Bc7 25. Be4 g4 26. Nd2 Red8 27. Be3 Bd6 28. c5
Bf8 29. Qxa6 Ng5 30. Qc4 Nxe4 31. Qxe4 Nd3 32. Qxg4+ Kh7 33. Ne4 Qh8 34. Red1
Nxb2 35. Rxd8 Rxd8 36. f6 Rd5 1-0

[Event "4NCL Division 2a"]
[Site "Daventry, ENG"]
[Date "2018.11.11"]
[Round "2.35"]
[White "Willmoth, Robert F"]
[Black "Verma, Aditya"]
[Result "1-0"]
[WhiteElo "2237"]
[BlackElo "2050"]
[PlyCount "83"]
[EventDate "2018.11.11"]
[WhiteTeam "Barnet Knights 1"]
[BlackTeam "KJCA Kings"]

1. d4 d5 2. Bf4 Nf6 3. Nf3 c5 4. c3 e6 5. e3 Nc6 6. Nbd2 Bd6 7. Ne5 Bxe5 8.
Bxe5 Nxe5 9. dxe5 Nd7 10. f4 O-O 11. Nf3 f6 12. exf6 Rxf6 13. Qd2 Qe7 14. O-O-O
a6 15. e4 dxe4 16. Ng5 Nf8 17. Nxe4 Rf5 18. Qd8 Qxd8 19. Rxd8 Rd5 20. Nd6 Bd7
21. Rxa8 Rxd6 22. g3 Bc6 23. Rg1 Kf7 24. Bg2 Nd7 25. Bxc6 Rxc6 26. Rd1 Rc7 27.
c4 h6 28. b3 Ke7 29. Kc2 Kf6 30. Rd6 Ke7 31. Rd2 Kf6 32. Kd1 Kf5 33. Ke2 Nf6
34. Kf3 g5 35. fxg5 hxg5 36. Rf8 g4+ 37. Ke3 Ke5 38. Rf2 Nh7 39. Rg8 b5 40.
Rxg4 bxc4 41. bxc4 Rb7 42. h4 1-0

[Event "4NCL Division 2a"]
[Site "Daventry, ENG"]
[Date "2018.11.11"]
[Round "2.36"]
[White "Ratnesan, Ranesh"]
[Black "Ethelontis, Alexandros N"]
[Result "1/2-1/2"]
[WhiteElo "1985"]
[BlackElo "2177"]
[PlyCount "151"]
[EventDate "2018.11.11"]
[WhiteTeam "KJCA Kings"]
[BlackTeam "Barnet Knights 1"]

1. Nf3 Nf6 2. c4 e6 3. b3 d5 4. Bb2 a5 5. e3 a4 6. bxa4 Nbd7 7. Nc3 c6 8. Be2
Be7 9. O-O O-O 10. d4 Qa5 11. Nd2 b6 12. a3 Bb7 13. Nb3 Qa7 14. cxd5 exd5 15.
a5 bxa5 16. Na4 Ne4 17. Bd3 Ba6 18. Rc1 Bb5 19. Nac5 Ndf6 20. a4 Bxd3 21. Qxd3
Rfb8 22. Ba3 Rb6 23. f3 Nd6 24. Nd2 Rd8 25. e4 dxe4 26. fxe4 Nb7 27. e5 Nxc5
28. Bxc5 Bxc5 29. Rxc5 Rb4 30. exf6 Qxc5 31. Nb3 Rxb3 32. Qxb3 Qxd4+ 33. Kh1
Qd3 34. Qxd3 Rxd3 35. h3 Rc3 36. Rf5 c5 37. fxg7 Kxg7 38. Kg1 Rc2 39. Kf1 f6
40. Rd5 Kf7 41. Rd7+ Ke6 42. Rxh7 Rc4 43. Rc7 Kd6 44. Rf7 Ke5 45. Rc7 Ke4 46.
Kf2 Rc2+ 47. Kg3 f5 48. Re7+ Kd4 49. h4 Rc1 50. Ra7 c4 51. Rxa5 Rf1 52. Ra8 c3
53. Rc8 Ra1 54. h5 Rh1 55. a5 Rxh5 56. a6 Rh7 57. Kf4 Rf7 58. Rd8+ Kc4 59. Rc8+
Kd3 60. Ke5 c2 61. Ke6 Rf8 62. Rc7 f4 63. a7 Ra8 64. Rd7+ Ke4 65. Rc7 Kd3 66.
Rd7+ Ke4 67. Rc7 Rxa7 68. Rxc2 Ra6+ 69. Ke7 Ke5 70. Re2+ Kf5 71. Rf2 Kg4 72.
Kf7 Kg3 73. Rf3+ Kg4 74. Rf2 Kg5 75. g3 Ra7+ 76. Kf8 1/2-1/2

[Event "4NCL Division 2a"]
[Site "Daventry, ENG"]
[Date "2018.11.11"]
[Round "2.37"]
[White "Sanitt, Leo"]
[Black "Ng Chung Lok Andrew"]
[Result "0-1"]
[WhiteElo "1960"]
[BlackElo "1923"]
[PlyCount "76"]
[EventDate "2018.11.11"]
[WhiteTeam "Barnet Knights 1"]
[BlackTeam "KJCA Kings"]

1. e4 e6 2. d4 d5 3. Nd2 Nf6 4. e5 Nfd7 5. Bd3 c5 6. c3 b6 7. Ne2 Ba6 8. Bxa6
Nxa6 9. O-O Be7 10. f4 Nab8 11. f5 exf5 12. Qb3 Nf8 13. Rxf5 Ne6 14. Rh5 Nc6
15. Nf3 Qd7 16. Nf4 O-O-O 17. Nxe6 fxe6 18. Bg5 h6 19. Bxe7 Qxe7 20. Rh3 g5 21.
Ne1 g4 22. Rg3 h5 23. Nd3 c4 24. Qa4 Kb7 25. Nb4 Nxb4 26. cxb4 Rdf8 27. Ra3 Kb8
28. Qc6 Qf7 29. Qd6+ Kb7 30. g3 Rd8 31. Rf1 Qe8 32. Rxa7+ Kxa7 33. Qc7+ Ka6 34.
Rf7 Ra8 35. Re7 Qc8 36. Qd6 Rd8 37. b5+ Kxb5 38. a4+ Rxa4 0-1

[Event "4NCL Division 2a"]
[Site "Daventry, ENG"]
[Date "2018.11.11"]
[Round "2.38"]
[White "Anilkumar, Anantha P"]
[Black "Sanitt, Ethan"]
[Result "1-0"]
[WhiteElo "1834"]
[BlackElo "1870"]
[PlyCount "73"]
[EventDate "2018.11.11"]
[WhiteTeam "KJCA Kings"]
[BlackTeam "Barnet Knights 1"]

1. d4 Nf6 2. c4 g6 3. Nc3 Bg7 4. e4 d6 5. Nge2 O-O 6. Ng3 e5 7. d5 h5 8. h4 a5
9. Be2 Na6 10. Bg5 Qe8 11. Qd2 Nh7 12. Bh6 Qe7 13. Bxg7 Kxg7 14. O-O-O Nc5 15.
Rdg1 a4 16. Nf1 f5 17. exf5 Bxf5 18. Ne3 Qf6 19. g4 hxg4 20. Nxg4 Bxg4 21. Rxg4
Kf7 22. Qh6 Qg7 23. Qe3 Nf6 24. Rg5 Nh7 25. Rg3 Ke7 26. Rhg1 Qf6 27. Rxg6 Qf4
28. Rg7+ Rf7 29. Qxf4 exf4 30. Bh5 Raf8 31. Bxf7 Rxf7 32. Rxf7+ Kxf7 33. Kc2
Kf6 34. Nb5 Na6 35. Kd3 Nf8 36. Ke4 Nc5+ 37. Kd4 1-0

[Event "4NCL Division 2a"]
[Site "Daventry, ENG"]
[Date "2018.11.11"]
[Round "2.41"]
[White "Pitcher, John"]
[Black "Lang, Adam R"]
[Result "1-0"]
[WhiteElo "2250"]
[BlackElo "2178"]
[PlyCount "73"]
[EventDate "2018.11.11"]
[WhiteTeam "Warwickshire Select 1"]
[BlackTeam "Bradford DCA Knights A"]

1. e4 d6 2. d4 Nf6 3. Nc3 g6 4. Be3 Bg7 5. Qd2 c6 6. f3 Qa5 7. h4 h5 8. Nh3
Bxh3 9. Rxh3 Nbd7 10. O-O-O O-O-O 11. Kb1 Kb8 12. Bg5 c5 13. Bc4 Rhf8 14. dxc5
Qxc5 15. Bb3 Qa5 16. Rhh1 Rc8 17. Nd5 Qxd2 18. Rxd2 Nxd5 19. exd5 f6 20. Be3
Ne5 21. Bd4 f5 22. f4 Bh6 23. Rf1 Nd7 24. Re2 Rf7 25. c3 b5 26. g3 Bg7 27. Rfe1
Re8 28. Re6 Bxd4 29. cxd4 Nf6 30. a4 a6 31. axb5 axb5 32. Ka2 Kc7 33. Ka3 Kd7
34. Kb4 Rb8 35. Ra1 Rg7 36. Ra7+ Kd8 37. Rxf6 1-0

[Event "4NCL Division 2a"]
[Site "Daventry, ENG"]
[Date "2018.11.11"]
[Round "2.42"]
[White "Bak, Christopher"]
[Black "Hanley, James L"]
[Result "1/2-1/2"]
[WhiteElo "2037"]
[BlackElo "2229"]
[PlyCount "100"]
[EventDate "2018.11.11"]
[WhiteTeam "Bradford DCA Knights A"]
[BlackTeam "Warwickshire Select 1"]

1. c4 Nf6 2. g3 g6 3. Bg2 Bg7 4. Nc3 O-O 5. e4 d6 6. Nge2 e5 7. O-O Nc6 8. d3
a6 9. h3 Rb8 10. Be3 b5 11. b3 Ne7 12. cxb5 axb5 13. b4 c6 14. d4 Nd7 15. Qd3
exd4 16. Bxd4 Ne5 17. Bxe5 dxe5 18. Qe3 Be6 19. Rfd1 Qb6 20. Qxb6 Rxb6 21. Nc1
Ra8 22. Nd3 Ra3 23. Rdc1 Rb8 24. Nc5 Bh6 25. Rc2 Rd8 26. Nxe6 fxe6 27. Rd1 Rd4
28. Bf3 Rxb4 29. Bg4 Rd4 30. Bxe6+ Kg7 31. Bb3 Ra8 32. Kf1 Rad8 33. Ke2 b4 34.
Nd5 Rxd1 35. Nxe7 R1d2+ 36. Rxd2 Rxd2+ 37. Ke1 c5 38. Nc6 Rd7 39. Bd5 Kf6 40.
Ke2 Bc1 41. Kd3 Bb2 42. Kc4 Bd4 43. f4 Rc7 44. fxe5+ Bxe5 45. Kxc5 Bxg3 46.
Kxb4 Rb7+ 47. Kc5 Rb1 48. a4 Rc1+ 49. Kb5 Rb1+ 50. Kc5 Rc1+ 1/2-1/2

[Event "4NCL Division 2a"]
[Site "Daventry, ENG"]
[Date "2018.11.11"]
[Round "2.43"]
[White "Mason, Donald J"]
[Black "Jennings, Roger W"]
[Result "1/2-1/2"]
[WhiteElo "2165"]
[BlackElo "2020"]
[PlyCount "23"]
[EventDate "2018.11.11"]
[WhiteTeam "Warwickshire Select 1"]
[BlackTeam "Bradford DCA Knights A"]

1. e4 g6 2. d4 Bg7 3. Nc3 d6 4. Bg5 Nf6 5. e5 Nfd7 6. exd6 cxd6 7. Nf3 O-O 8.
Qd2 Re8 9. Bc4 Nb6 10. Be2 Bg4 11. O-O Nc6 12. Bh6 1/2-1/2

[Event "4NCL Division 2a"]
[Site "Daventry, ENG"]
[Date "2018.11.11"]
[Round "2.44"]
[White "Nicholson, Jim W R"]
[Black "Brooks, Phil J"]
[Result "0-1"]
[WhiteElo "2004"]
[BlackElo "2178"]
[PlyCount "74"]
[EventDate "2018.11.11"]
[WhiteTeam "Bradford DCA Knights A"]
[BlackTeam "Warwickshire Select 1"]

1. d4 e6 2. Nf3 d5 3. e3 c5 4. b3 Nc6 5. Bb2 Nf6 6. Bd3 Bd6 7. O-O O-O 8. Nbd2
b6 9. a3 Bb7 10. Ne5 Ne7 11. f4 Ne4 12. Bxe4 dxe4 13. c4 f6 14. Ng4 Nf5 15. Qe2
h5 16. Nf2 cxd4 17. exd4 Bxf4 18. Ndxe4 Nxd4 19. Qxh5 Nxb3 20. Rad1 Qc7 21. Rd3
Nc5 22. Nxc5 Qxc5 23. Qg4 Qf5 24. Rd7 Rf7 25. Qd1 Qg5 26. Ng4 Bc6 27. Rxf7 Kxf7
28. h4 Be3+ 29. Nxe3 Qxe3+ 30. Rf2 Rh8 31. h5 Qe4 32. a4 Qxc4 33. Rd2 Qxa4 34.
Bd4 Qxd1+ 35. Rxd1 Rxh5 36. Rc1 Rd5 37. Bf2 Bb5 0-1

[Event "4NCL Division 2a"]
[Site "Daventry, ENG"]
[Date "2018.11.11"]
[Round "2.45"]
[White "Fallowfield, Jeremy R"]
[Black "Bak, Andrew"]
[Result "1-0"]
[WhiteElo "2132"]
[BlackElo "2008"]
[PlyCount "27"]
[EventDate "2018.11.11"]
[WhiteTeam "Warwickshire Select 1"]
[BlackTeam "Bradford DCA Knights A"]

1. e4 c5 2. Nf3 Nc6 3. d4 cxd4 4. Nxd4 Nf6 5. Nc3 e5 6. Ndb5 d6 7. Bg5 a6 8.
Na3 b5 9. Bxf6 gxf6 10. Nd5 f5 11. c3 fxe4 12. Bxb5 Bb7 13. Ba4 Qg5 14. Qb3 1-0

[Event "4NCL Division 2a"]
[Site "Daventry, ENG"]
[Date "2018.11.11"]
[Round "2.46"]
[White "Gardiner, Eric D"]
[Black "Page, Mark E"]
[Result "1/2-1/2"]
[WhiteElo "1907"]
[BlackElo "2153"]
[PlyCount "70"]
[EventDate "2018.11.11"]
[WhiteTeam "Bradford DCA Knights A"]
[BlackTeam "Warwickshire Select 1"]

1. e4 c5 2. c3 d6 3. d4 Nf6 4. Bd3 Nc6 5. Nf3 cxd4 6. cxd4 e5 7. d5 Nb8 8. h3
g6 9. Nc3 Bg7 10. Qa4+ Nbd7 11. Be3 O-O 12. O-O Nc5 13. Bxc5 dxc5 14. Qc4 Qe7
15. Rad1 Ne8 16. Bb1 b6 17. a4 Nd6 18. Qe2 Bd7 19. Nd2 f5 20. Nc4 Nxc4 21. Qxc4
Qh4 22. d6+ Kh8 23. Nd5 Be6 24. Qe2 Rad8 25. Nc7 Bd7 26. b3 f4 27. f3 Rf6 28.
Rd2 Bf8 29. Rfd1 g5 30. Nb5 h5 31. Qf2 Qxf2+ 32. Kxf2 Bxb5 33. axb5 Rfxd6 34.
Rxd6 Rxd6 35. Rxd6 Bxd6 1/2-1/2

[Event "4NCL Division 2a"]
[Site "Daventry, ENG"]
[Date "2018.11.11"]
[Round "2.47"]
[White "Paterson, Andrew I"]
[Black "Ther, Mate"]
[Result "1-0"]
[WhiteElo "2050"]
[BlackElo "1952"]
[PlyCount "81"]
[EventDate "2018.11.11"]
[WhiteTeam "Warwickshire Select 1"]
[BlackTeam "Bradford DCA Knights A"]

1. g3 e5 2. Bg2 d5 3. d4 e4 4. c4 c6 5. Nc3 Nf6 6. Bg5 Be7 7. e3 h6 8. Bxf6
Bxf6 9. cxd5 cxd5 10. Qb3 Be6 11. Qxb7 Qd7 12. Qxa8 O-O 13. Nxe4 Na6 14. Nxf6+
gxf6 15. Qxf8+ Kxf8 16. a3 Qb5 17. Nf3 Bf5 18. Nh4 Bd3 19. Rd1 Bc2 20. Rd2 Qxb2
21. O-O Qc3 22. Nf3 Be4 23. Ra2 Nc7 24. Raa1 Nb5 25. a4 Na3 26. Nh4 f5 27. Rfc1
Qb2 28. Bxe4 fxe4 29. Nf5 Ke8 30. Nxh6 Qb3 31. Ng4 Ke7 32. Rc7+ Ke6 33. Rxa7
Qb2 34. Ra6+ Ke7 35. Rf1 Qe2 36. Ra7+ Ke6 37. Ne5 f6 38. Ng6 Qg4 39. Nf4+ Kf5
40. h3 Qg8 41. Rd7 1-0